[Event "Boyaca Region-ch qual"]
[Site "Duitama"]
[Date "2010.05.15"]
[Round "1.4"]
[White "Gutierrez, Sergio"]
[Black "Rodriguez Velasco, German Enrique"]
[Result "0-1"]
[WhiteElo "1620"]
[BlackElo "2057"]
[PlyCount "22"]
[EventDate "2010.05.15"]
[EventType "swiss"]
[EventRounds "6"]
[EventCountry "COL"]
[SourceTitle "EXT 2024"]
[Source "ChessBase"]
[SourceDate "2023.10.10"]
[SourceVersion "1"]
[SourceVersionDate "2023.10.10"]
[SourceQuality "1"]

1. e4 c5 2. Nf3 e6 3. d4 cxd4 4. Nxd4 a6 5. Nc3 Qc7 6. Be2 Nc6 7. 0-0 b5 8. a3 Bb7 9. Nxc6 dxc6 10. f4 c5 11. e5 Ne7 0-1